000 00299nam a22001217a 4500
008 170908b xxu||||| |||| 00| 0 eng d
041 _aeng
080 _a91
100 _a42
101 _aGEO
245 _aMEW WORK HABITS FOR A RADICALLY CHANGING WORLD
_cPRITCHETT.P
942 _2udc
_cBK
999 _c26827
_d26827